Cinco conferencias sobre medicina psicosomática /
Guardado en:
| Autor Principal: | |
|---|---|
| Formato: | Libro |
| Publicado: |
Buenos Aires :
Qu¡mica Hoechst,
1981
|
| Materias: | |
| Etiquetas: |
Agregar Etiqueta
Sin Etiquetas, Sea el primero en etiquetar este registro!
|
| LEADER | 00642nam a22001815a 4500 | ||
|---|---|---|---|
| 001 | CEM.cems004174 | ||
| 005 | 20060216000000.0 | ||
| 008 | 130507s1981##################000#0#####d | ||
| 003 | CEMS | ||
| 082 | 0 | 4 | |a 616.08 |
| 100 | 1 | |a Martínez Pina, Angel | |
| 245 | 1 | 0 | |a Cinco conferencias sobre medicina psicosomática / |
| 260 | |a Buenos Aires : |b Qu¡mica Hoechst, |c 1981 | ||
| 300 | |a 92 p. | ||
| 505 | 0 | |a Neurosis y psicosis.-Psicosis maniacodepresivas.-Esquizofrenias.-Psicosis org nicas.-T'cnica de la terap'utica psicoanal¡tica | |
| 653 | |a Medicina | ||
| 653 | |a Medicina psicosomatica | ||
| 859 | |a CEMS |b BIB. CEMS - 11 de abril |h 616.08 |i M866 |p 15483.89 |t Ej.1 | ||
